00554 2200205 4500001002100000005001700021008004100038020002200079035002400101040001200125090002100137100001500158245004500173250001000218260004200228300002400270650002000294850001200314990002200326YOGYA-0212000000014020120213180243.0 ind  a978-602-99321-9-5 0010-021200000000140 aYOPDYOG aDEP 782.25 Dan K aDanar S, G aKoleksi lagu rohani terbaik / G. Danar S aCet.1 aYogyakartabCahaya Atma Pustakac2011 a.. Volbilusc30 cm aNyanyian Rohani aYOPDYOG aCB-D.11-2011-1634